Historia de las instituciones políticas y sociales en américa /

Guardado en:
Autor Principal: Ibañez, José Cosmelli
Formato: Libro
Publicado: Argentina : Troquel, 1979
Edición:28
Materias:
Etiquetas: Agregar Etiqueta
Sin Etiquetas, Sea el primero en etiquetar este registro!
LEADER 00614nam a22001935a 4500
001 CEM.cems003390
005 19000101000000.0
008 130507s1979##################000#0#####d
003 CEMS
082 0 4 |a 980 
100 1 |a Ibañez, José Cosmelli 
245 1 0 |a Historia de las instituciones políticas y sociales en américa /  |c José Cosmelli Ibañez 
250 |a 28 
260 |a Argentina :  |b Troquel,  |c 1979 
300 |a 350 p. 
653 |a Historia 
653 |a Historia de america 
859 |a CEMS  |b BIB. CEMS - 11 de abril  |h 980  |i Ib1a28  |p 15835.90  |t Ej.2 
859 |a CEMS  |b BIB. CEMS - 11 de abril  |h 980  |i Ib1a28  |p 8173.80  |t Ej.1